Statistics for All of Daniel Ricciardo's teammates

Click here to take the quiz!

General Stats

  • This quiz has been taken 76 times
  • The average score is 6 of 12

Answer Stats

HintAnswer% Correct
2016-18Max Verstappen
97%
2021-Lando Norris
95%
2014-15Sebastian Vettel
89%
2019Nico Hulkenberg
84%
2020Esteban Ocon
81%
2013Daniil Kyvat
31%
2012Jean-Eric Vergne
27%
2011Sebastian Buemi
21%
2011Jaime Alguersuari
13%
2011Narain Karthikeyan
13%
2011Vitantonio Liuzzi
13%
2011Jan Charouz
5%

Score Distribution

Percentile by Number Answered

Percent of People with Each Score

Your Score History

You have not taken this quiz